Представление документа в формате RUSMARC

ПолеНазваниеЗначение
  Тип записи a
  Библиографический уровень m
001 Контрольный номер admiBOOK00011613
005 Дата корректировки 20140508173949.6
010 Индекс ISBN __
d Цена 0.35
100 Данные общей обработки __
a Данные общей обработки 19011227 |||y0 y0189 ca
101 Язык документа __
a Язык текста rus
105 Кодированные данные (монография) __
a Кодированные данные (монография) zy
200 Заглавие и сведения об ответственности 0_
a Заглавие Практикум по экономической географии СССР
210 Выходные данные __
a Место издания М
c Издательство Просвещение
d Дата издания 1983
215 Физическое описание __
a Объем 158с.
606 Тематические рубрики __
a Основная рубрика Экономическая география
x Основная подрубрика Экономическая география России и СССР
610 Ключевые слова __
a Ключевые слова Экономическая география СССР
a Ключевые слова Практикум по экономической географии СССР
686 Индексы других классификаций __
a Классификационный индекс 65.049(2)
852 Данные о местонахождении __
c Местонахождение стеллажа 65.049(2)
j Шифр хранения 65.04
852 Данные о местонахождении __
b Сигла хранения ЧЗ_1
t Номер экземпляра 1
i Авторский знак П69
p Инвентарный номер 79411
901 Тип документа __
t Тип документа m
911 __
u 952a=Учебное пособие
938 Служебная информация __
a Название организации Саранский филиал
b Имя БД OUTPUT.MRC_Саранск
c Название АИБС АИБС Библиотека